00747nam a2200205Ia 4500001000700000008004100007020001800048082002200066245008700088250001100175260004800186300001600234500008600250503001700336504002800353650003100381650003400412650004500446700005000491Z_1193220601s9999 xx 000 0 und d a0-8121-1134-6 a636.0824 M33 1989 aVeterinary endocrinology and reproduction / editores L. E. McDonald y M. H. Pineda a4a ed. aPhiladelfia, Pennsylvania : Lea and Febiger axiv, 571 p. aEd. rev. de: veterinary endocrinology and reproduction / L.E. Mcdonald. 3ed. 1980 aej.1: 159376 aIncluye bibliografría a1. 1. Reproduccion animal  aEndocrinología veterinaria  aAnimales domésticos -- Reproducción  aMacDonald, L. E., ed. \ Pineda, M. H., ed.Ì